书目信息 |
| 题名: |
常微分方程稳定性理论
|
|
| 作者: | 许淞庆 编著 | |
| 分册: | ||
| 出版信息: | 上海 上海科学技术出版社 1962 |
|
| 页数: | 399页 | |
| 开本: | 21cm | |
| 丛书名: | ||
| 单 册: | ||
| 中图分类: | O175.13 | |
| 科图分类: | ||
| 主题词: | 数学分析 | |
| 电子资源: | ||
| ISBN: | ||
| 000 | 00582nam0 2200205 45 | |
| 001 | 0405210963 | |
| 005 | 20040521095836.7 | |
| 010 | @dCNY1.45 | |
| 091 | @a13119.463 | |
| 100 | @a20040521d1962 km y0chiy0120 ea | |
| 101 | 0 | @achi |
| 105 | @a z 000yy | |
| 200 | 1 | @a常微分方程稳定性理论@AChang Wei Fen Fang Cheng Wen Ding Xing Li Lun@f许淞庆编著@FXu Song Qing Bian Zhu |
| 210 | @a上海@c上海科学技术出版社@d1962 | |
| 215 | @a399页@d21cm | |
| 606 | 0 | @a数学分析 |
| 690 | @aO175.13@v3 | |
| 701 | 0 | @a许淞庆@4编著 |
| 801 | @aCN@bPftUser@c20040521 | |
| 905 | @f1@b40081@dO175.13@e10 | |
| 常微分方程稳定性理论/许淞庆编著.-上海:上海科学技术出版社,1962 |
| 399页;21cm |
| ISBN :CNY1.45 |
| ● |
| 相关链接 |
|
|
|
|
正题名:常微分方程稳定性理论
索取号:O175.13/10
 
预约/预借
| 序号 | 登录号 | 条形码 | 馆藏地/架位号 | 状态 | 备注 |
| 1 | 0040081 | 000423580 | 第三借阅区/ [索取号:O175.13/10] | 在馆 | |
| 2 | 0040083 | 000423599 | 第二样本阅览室/ [索取号:O175.13/10] | 在馆 |